000 00472nam a22001937a 4500
003 OSt
005 20140407150944.0
008 131008t xxu||||| |||| 00| 0 eng d
050 _aPZ 7
_b.B146Cc 2001
100 _aBaglio, Ben M.
_95246
245 _aCats at the campground /
_cBen M. Baglio.
300 _a132 p. :
_c20 cm.
521 _aG4
526 _c600
650 _aCats
_xJuvenile Fiction
_926545
942 _2lcc
_cBK
999 _c34190
_d34190